[Event "Bogota Empresas op"]
[Site "Bogota"]
[Date "2024.05.19"]
[Round "7"]
[White "Garcia Molano, Samuel"]
[Black "Longas Serrano, Edgar"]
[Result "0-1"]
[WhiteElo "1484"]
[BlackElo "1882"]
[PlyCount "58"]
[EventDate "2024.05.19"]
[EventType "swiss"]
[EventRounds "7"]
[EventCountry "COL"]
[SourceTitle "CB21_2024"]
[SourceDate "2024.05.22"]
[SourceVersion "1"]
[SourceVersionDate "2024.05.22"]
[SourceQuality "1"]

1. e4 c5 2. Nf3 g6 3. d4 cxd4 4. Nxd4 Bg7 5. Nc3 Nc6 6. Nxc6 bxc6 7. Bd3 Rb8 8. Bf4 Rxb2 9. Na4 Qa5+ 10. Bd2 Qxa4 11. 0-0 Nf6 12. Bc3 Rxa2 13. Rxa2 Qxa2 14. Qa1 Qxa1 15. Rxa1 a6 16. Bxa6 0-0 17. e5 Nd5 18. Bb2 Bxa6 19. Rxa6 Rb8 20. g3 Rxb2 21. c4 Bxe5 22. cxd5 cxd5 23. Ra7 Bd4 24. Rxd7 Bxf2+ 25. Kg2 e6 26. Kf3 Bg1 27. h4 h5 28. Kf4 Kg7 29. Kg5 Be3# 0-1